[Event "2016 PHCC Championships"]
[Site "Port Huron"]
[Date "2016.02.04"]
[Round "4"]
[White "Heinrich, Chuck"]
[Black "Bedy, Noel"]
[Result "0-1"]
[WhiteElo "619"]
[BlackElo "1421"]
[Annotator "Gregg,Alan"]
[PlyCount "64"]
[EventDate "2016.02.04"]
[EventType "tourn"]
[EventRounds "9"]

{Chuck's play in the opening is good ,but then goes astray in the middle game.} 1. b3 d5 2. Bb2 Bf5 3. Nf3 e6 4. e3 Nf6 5. Be2 Nbd7 6. c4 c6 7. Qc1 $146 ({Relevant:} 7. O-O h6 8. d4 Be7 9. Nc3 O-O 10. Bd3 Bxd3 11. Qxd3 Bb4 12. Rfd1 a6 13. a3 Bxc3 14. Bxc3 Ne4 15. Be1 f5 16. a4 Qf6 17. Nd2 Rae8 18. Nf1 Qg6 19. Rac1 Rf7 20. f3 Nef6 21. Kh1 Qh7 22. cxd5 exd5 23. Ng3 g6 24. Bb4 Re6 25. Kg1 Kg7 26. Re1 Qg8 27. Re2 Qd8 28. Rce1 Qc7 29. Ba3 Qd8 30. Qd2 Qb6 31. Qc2 Qa7 32. Nh1 Qb6 33. Nf2 Qd8 34. Nd3 Nh5 35. Nf4 Nxf4 36. exf4 Rxe2 {Burmakin,V (2604)-Corrales Jimenez,F (2585) Metz 2010 1-0}) 7... Rc8 8. d3 h6 9. Qc3 Bd6 10. Nbd2 O-O {Diagram } 11. O-O-O (11. O-O) (11. e4 dxe4 12. dxe4 Bg4 13. e5 Bxf3 14. Nxf3 Ne4 15. Qc2 Bb4+ 16. Kf1 Ng5) 11... Qe7 12. Kb1 b5 13. h3 bxc4 14. bxc4 Nc5 15. g4 Na4 16. Qc2 Nxb2 17. Kxb2 Bh7 18. Ka1 Nd7 19. Nb3 Ne5 20. c5 Bc7 21. Qc3 Nxf3 22. Bxf3 f6 23. d4 f5 24. Rd2 fxg4 25. Bxg4 Rb8 26. Na5 Bxa5 27. Qxa5 Rb5 28. Qc3 Rfb8 29. Rdd1 Kf8 30. Rhf1 Qb7 31. Qe1 Rb2 32. Bxe6 Qa6 0-1

[Event "2016 PHCC Championships"]
[Site "Port Huron"]
[Date "2016.02.11"]
[Round "5"]
[White "Morabito, Matthew"]
[Black "West, Tony"]
[Result "1-0"]
[WhiteElo "1859"]
[BlackElo "1934"]
[Annotator "Gregg,Alan"]
[PlyCount "49"]
[EventDate "2016.02.11"]
[EventType "tourn"]
[EventRounds "9"]

1. Nf3 f5 2. g3 Nf6 3. Bg2 d5 4. c4 e6 5. O-O Bd6 6. Nc3 O-O 7. d3 c6 8. Bg5 ({Relevant:} 8. e4 dxe4 9. dxe4 e5 10. Qc2 fxe4 11. Ng5 Bc5 12. Ncxe4 Bf5 13. Be3 Nxe4 14. Bxe4 Bxe3 15. fxe3 Qxg5 16. Bxf5 Qxe3+ 17. Kh1 Kh8 18. Rae1 Qh6 19. Bxh7 Rxf1+ 20. Rxf1 Nd7 21. Bg6 Nf8 22. Be4 Qe6 23. Qb3 Qe7 24. Qe3 a5 25. Bc2 Qe6 26. Rf5 Nd7 27. Qe4 Kg8 28. Rg5 Qh6 29. h4 Rf8 30. Kg2 Rf7 31. c5 a4 32. Qxa4 Nxc5 33. Qc4 e4 34. Qxc5 Qf6 35. Qc4 Qxb2 {1-0 (35) Bu,X (2695)-Fedoseev,V (2664) Ningbo 2015}) 8... h6 9. Bxf6 Qxf6 10. e3 $146 ({Predecessor (2):} 10. e4 d4 {½-½ (10) Dettmann,G (2127)-Hanisch,T (1973) Mecklenburg VP 2002}) 10... b6 11. cxd5 exd5 12. Qb3 Kh8 $4 (12... Qf7) (12... Bb7) (12... Rf7) 13. Nxd5 {Diagram } Qf7 (13... cxd5 14. Qxd5 Rf7 15. Qxa8 (15. Nd2 Bb7 16. Qxb7 Rxb7 17. Bxb7 Bb4 18. Nf3 Qxb2 19. Bxa8) 15... Bb7 16. Qxa7 Bxf3 17. Qxb6 Rb7 18. Qa5 Bxg2 19. Kxg2) 14. Nc3 Be6 15. Qc2 Na6 16. Nd4 Nb4 17. Qe2 Bd7 18. a3 Nd5 19. Nxd5 cxd5 20. Qf3 Rac8 21. Qxd5 Qe7 22. Rac1 Bb8 23. Rc3 Rxc3 24. bxc3 Bc8 25. Nc6 1-0

[Event "2016 PHCC Championships"]
[Site "Port Huron"]
[Date "2016.02.11"]
[Round "5"]
[White "Rutkofske, Lonnie"]
[Black "Gregg, Alan"]
[Result "1/2-1/2"]
[WhiteElo "1800"]
[BlackElo "1981"]
[Annotator "Gregg,Alan"]
[PlyCount "104"]
[EventDate "2016.02.11"]
[EventType "tourn"]
[EventRounds "9"]

1. c4 e5 2. Nf3 Nc6 3. Nc3 Nf6 4. d3 h6 ({Relevant:} 4... Bb4 5. Bd2 O-O 6. g3 Nd4 7. Bg2 Nxf3+ 8. Bxf3 d6 9. O-O a6 10. Bg2 Rb8 11. Rc1 h6 12. a3 Bc5 13. Nd5 c6 14. Nxf6+ Qxf6 15. b4 Bb6 16. c5 Bc7 17. e4 Qd8 18. Be3 Be6 19. f4 f6 20. d4 exd4 21. Qxd4 Qe7 22. cxd6 Bxd6 23. Qc3 Rfd8 24. Rce1 Bc7 25. Rd1 Bg4 26. Rxd8+ Rxd8 27. Re1 Rd7 28. h3 Be6 29. Bf1 Kh8 30. Re2 Bf7 31. Bg2 Bg6 32. Bf2 Qd8 33. e5 fxe5 34. fxe5 {Kuzubov,Y (2638)-Harikrishna,P (2740) Kocaeli 2015 ½-½}) 5. a3 a5 6. b3 Bc5 7. Bb2 $146 ({Predecessor:} 7. e3 d6 8. h3 O-O 9. Bd2 Bd7 10. Na4 Ba7 11. Bc3 Re8 12. Be2 d5 13. Nb2 d4 14. exd4 exd4 15. Bd2 Qe7 16. Bf4 Bc5 17. a4 Bb4+ 18. Kf1 Rac8 19. Bc1 Bf5 20. g4 Bd7 21. g5 hxg5 22. Bxg5 Rcd8 23. Nd2 Ne5 24. Ne4 Bc6 25. Bxf6 gxf6 26. Rg1+ Kh7 27. Bf3 Rg8 28. Bg2 Rg6 29. f4 Nd7 30. f5 Rh6 31. Qe2 Ne5 32. Qc2 Rg8 33. c5 Qd7 34. Qf2 Bd5 35. Nc4 Nxc4 36. bxc4 c6 {Berg,G (1536)-Schmitt,M (1643) Berlin 2000 0-1}) 7... d6 8. h3 Bf5 9. g4 Bd7 10. Bg2 Rb8 11. Nb5 Bb6 12. O-O O-O 13. Qd2 Nh7 14. e4 Ng5 15. Nxg5 Qxg5 16. Rad1 Qxd2 17. Rxd2 Ne7 18. d4 Bxb5 19. cxb5 f6 20. Kh2 Ng6 21. Rfd1 Nf4 22. Bf1 g5 23. Rc2 Kg7 24. d5 h5 25. f3 hxg4 26. fxg4 Rh8 27. Rc3 Rh4 28. Bc1 Rbh8 29. Bxf4 exf4 30. Kg2 Re8 31. Bd3 Re7 {Diagram } (31... f3+ $32) 32. Bc2 Kf8 33. Rf3 Bc5 34. a4 Ke8 35. Bb1 Kd8 36. Bc2 Rh8 37. Rc1 Re5 38. Bd3 Rhe8 {I totally missed h4.} 39. Rc4 R8e7 40. h4 Rh7 41. h5 {I now try to win a drawn game and should have lost. I made the mistake of playing on my opponent's time as I was well ahead.} Kd7 42. Rh3 Rh6 43. Kf3 c6 {After this move white is better!} 44. bxc6+ bxc6 45. dxc6+ Kxc6 46. Rc2 d5 47. exd5+ Kxd5 48. Be4+ Ke6 49. Rh1 Rh8 50. Rhc1 Bd6 (50... Kd6) 51. Rc6 Rd8 (51... Ke7 52. Rd1 Re6 53. Rd3 {[Ra3!? -LWR]}) 52. Rd1 Ke7 {Diagram  Lonnie was very short on time and offered a draw and I accepted. I was totally lost. ( I agree with Alan's assessment here, as h6 poses a real dilemma for Black! the problem is that with only 3 minutes left...I had little choice. I feel that Alan was correct with his assessment of 31...f3!...makes things very dicey! -LWR)} 1/2-1/2

[Event "2016 PHCC Championships"]
[Site "Port Huron"]
[Date "2016.02.11"]
[Round "5"]
[White "Wingrove, William"]
[Black "Boucher, David"]
[Result "1-0"]
[WhiteElo "1606"]
[BlackElo "1306"]
[Annotator "Gregg,Alan"]
[PlyCount "71"]
[EventDate "2016.02.11"]
[EventType "tourn"]
[EventRounds "9"]

1. e4 e6 2. d4 d5 3. Nc3 Bb4 4. e5 Ne7 5. Bd2 c5 6. f4 cxd4 7. Nb5 Bxd2+ 8. Qxd2 O-O 9. Nxd4 ({Relevant:} 9. Nf3 Bd7 10. Nbxd4 Nbc6 11. Bd3 Nxd4 12. Nxd4 Nc6 13. Nf3 f6 14. O-O-O Qa5 15. Qxa5 Nxa5 16. exf6 gxf6 17. Rhe1 Rad8 18. Bf1 b6 19. g3 Rfe8 20. Bg2 Nc6 21. Rd2 Kf7 22. Nh4 Ne7 23. b3 Bc6 24. Bh3 Bd7 25. Rde2 Ng6 26. f5 exf5 27. Nxf5 Bxf5 28. Rxe8 Rxe8 29. Rxe8 Kxe8 30. Bxf5 Ke7 31. Kd2 Kd6 32. Ke3 Ke5 33. Bd3 f5 34. Kf3 Kf6 35. Be2 Ke5 36. Ke3 Nf8 37. Bb5 Ne6 38. h4 h6 {Westerberg,J (2443)-Johansson,L (2391) Vaxjo 2015 ½-½}) 9... a6 10. Ngf3 Nbc6 11. c3 Qc7 $146 ({Predecessor (2):} 11... Nxd4 12. cxd4 f6 13. exf6 Rxf6 14. Bd3 Bd7 15. O-O Qb6 16. a4 Raf8 17. a5 Qd6 18. Ne5 Be8 19. g3 Nc6 20. Qc3 Qd8 21. Nxc6 Bxc6 22. Rac1 Qe8 23. Bxa6 bxa6 24. Qxc6 Qg6 25. Qc2 Qg4 26. Qd1 Qh3 27. Qe2 h5 28. Rc3 Qf5 29. Rc6 Rg6 30. Qe5 Qg4 31. f5 Rgf6 32. Rf4 Qd1+ 33. Kg2 Qd2+ 34. Rf2 Qg5 35. Rxa6 Rxf5 36. Qxe6+ Kh7 37. Rxf5 Rxf5 38. Qe2 h4 39. g4 Rf4 40. Qc2+ Re4 41. h3 {Birkmann,G (1986)-Siemantel,A (1857) Zirndorf 2005 1-0}) 12. Bd3 f6 13. exf6 Rxf6 14. g3 e5 15. fxe5 Nxe5 16. O-O Nxd3 17. Qxd3 {Diagram } Bh3 $4 (17... Ng6) (17... Bg4) 18. Ng5 Rh6 19. Nxh3 Rxh3 20. Qf3 Qe5 21. Rae1 (21. Qf7+ Kh8 22. Rae1 Rxg3+ 23. Kf2 Re3 24. Rxe3 Qxh2+ 25. Ke1) 21... Qg5 22. Qf7+ Kh8 23. Qf4 {Diagram } (23. Rxe7 Rxg3+ 24. Kh1 h6 25. hxg3 Qxg3 26. Rf2) 23... Qxf4 24. Rxf4 Nc6 25. Nxc6 bxc6 26. Re7 Rh6 27. Rff7 Rg6 28. Ra7 Kg8 29. Rxa8+ Kxf7 30. Rxa6 c5 31. Rxg6 hxg6 32. a4 Ke7 33. Kf2 c4 34. Ke3 Kd6 35. Kd4 Kc6 36. a5 1-0

[Event "2016 PHCC Championships"]
[Site "Port Huron"]
[Date "2016.02.11"]
[Round "5"]
[White "Jones, G. Avery"]
[Black "Bedy, Noel"]
[Result "0-1"]
[WhiteElo "1566"]
[BlackElo "1421"]
[Annotator "Gregg,Alan"]
[PlyCount "76"]
[EventDate "2016.02.11"]
[EventType "tourn"]
[EventRounds "9"]

1. d4 d5 2. Nf3 Nf6 3. Nc3 Bf5 4. Bg5 e6 5. a3 Nbd7 ({Relevant:} 5... h6 6. Bh4 Be7 7. e3 Nbd7 8. Bd3 Bxd3 9. cxd3 O-O 10. O-O c6 11. Rc1 Rc8 12. Na4 b6 13. Bxf6 Bxf6 14. b4 Be7 15. Qb3 b5 16. Nc5 Bxc5 17. dxc5 e5 18. a4 a6 19. axb5 axb5 20. Ra1 e4 21. dxe4 dxe4 22. Nd4 Ne5 23. Qc2 Qd5 24. Nf5 Rce8 25. Nd6 Re6 26. Nxe4 Nd3 27. Nc3 Qc4 28. Rfb1 Nxb4 29. Qb3 Qxb3 30. Rxb3 Nd3 31. Na4 Rd8 32. Rd1 bxa4 33. Rdxd3 Rxd3 34. Rxd3 Re8 35. Kf1 {Gruskovnjak,T (2348)-Loncar,R (2444) Ptuj 2007 ½-½}) 6. e3 c6 7. Bd3 Bxd3 8. Qxd3 Be7 9. O-O h6 10. Bh4 O-O 11. Rfe1 $146 ({Predecessor:} 11. h3 Bd6 12. e4 dxe4 13. Nxe4 Be7 14. Bg3 Nb6 15. Rfd1 Nxe4 16. Qxe4 Bf6 17. Rd3 Qe7 18. Re1 Rad8 19. Ne5 Bxe5 20. dxe5 Rxd3 21. cxd3 Nd5 22. f4 Qd7 23. Bf2 Rd8 24. d4 Nb6 25. Rc1 Qd5 26. Qc2 Qb5 27. Kh2 Nd5 28. g3 a6 29. b3 g6 30. Qc4 Nb6 31. Qxb5 axb5 32. Kg2 Ra8 33. Ra1 Nd5 34. Kf3 h5 35. Ke4 Kf8 36. Kd3 h4 37. Ke4 hxg3 38. Bxg3 Ne7 39. Be1 Nf5 40. Bb4+ Ke8 {Valent,J-Marcinek,M Slovakia 1999 0-1 (61)}) 11... Re8 12. e4 dxe4 13. Nxe4 Nxe4 14. Rxe4 Bxh4 15. Rxh4 Nf6 16. Re1 c5 17. dxc5 Qxd3 18. cxd3 Red8 19. Rd1 (19. Rb4) 19... Rd5 20. b4 a5 21. d4 axb4 22. axb4 Kh7 23. b5 $4 {Diagram } (23. Ne1 Ra4 24. Nc2 Rd8 25. Kf1) 23... g5 24. Nxg5+ Rxg5 25. b6 Nd5 26. Rc1 Rgg8 27. Kf1 Ra2 28. Rh3 Rga8 29. Rf3 f6 30. c6 bxc6 31. Rxc6 Ra1+ 32. Ke2 R8a2+ 33. Kd3 Nb4+ 34. Ke4 Nxc6 35. Rxf6 Re1+ 36. Kf3 Kg7 37. Rf4 Ra3+ 38. Kg4 Rb3 0-1

[Event "2016 PHCC Championships"]
[Site "Port Huron"]
[Date "2016.02.18"]
[Round "6"]
[White "West, Tony"]
[Black "Wilkinson, Stewart"]
[Result "0-1"]
[WhiteElo "1934"]
[BlackElo "1880"]
[Annotator "Gregg,Alan"]
[PlyCount "64"]
[EventDate "2016.02.18"]
[EventRounds "9"]

1. d4 e6 2. c4 d5 3. g3 c5 4. cxd5 Qxd5 ({Relevant:} 4... exd5 5. Nf3 Nc6 6. Bg2 Nf6 7. O-O Be7 8. b3 O-O 9. Bb2 Re8 10. Nc3 Bg4 11. dxc5 Bxc5 12. Rc1 Bf8 13. h3 Bh5 14. Nb5 Ne4 15. Nbd4 Rc8 16. Rc2 Nb4 17. Rxc8 Qxc8 18. a3 Na6 19. Qc1 Nac5 20. Nh4 Be7 21. Ndf5 Bxh4 22. Nxg7 Bg5 23. Qd1 Bg6 24. Nxe8 Qxe8 25. Qxd5 Qe6 26. Rd1 Qxd5 27. Rxd5 Be7 28. b4 Na4 29. Ba1 Nec3 30. Rd7 Bf6 31. Kf1 b5 32. Rxa7 Kg7 33. g4 h6 34. Bc6 {Giri,A (2696)-Swinkels,R (2485) Amsterdam 2012 1-0}) 5. Nf3 cxd4 6. Qxd4 Qxd4 7. Nxd4 Bc5 $146 {Diagram } ({Predecessor (4):} 7... a6 8. Bg2 e5 9. Nb3 Nc6 10. Nc3 Nf6 11. Bg5 Be7 12. O-O O-O 13. Bxf6 Bxf6 14. Nd5 Bd8 15. Rac1 Rb8 16. e3 Ne7 17. Nc5 b6 18. Nd3 Nxd5 19. Bxd5 Bf6 20. Rc7 Bf5 21. e4 Bg6 22. Rfc1 a5 23. Kf1 Rfe8 24. Ke2 Kf8 25. b4 Re7 26. bxa5 Rxc7 27. Rxc7 bxa5 28. Ra7 Bd8 29. Nxe5 Rb2+ 30. Kd3 Rb5 31. Nxg6+ fxg6 32. f4 Rb2 33. e5 Rxh2 34. e6 Ke8 35. Bc6+ Kf8 36. Rf7+ {1-0 (36) Moreno Gracia,D (2322)-Ferrer Serrano,R (2138) Aragon 2012}) 8. Nb5 Na6 9. Bf4 Ne7 10. N1c3 O-O 11. Bg2 Ng6 12. Bd6 Bxd6 13. Nxd6 Rb8 14. Ncb5 Nb4 15. O-O a6 16. Nxc8 (16. Nc3) 16... Rfxc8 17. Nd6 Rc2 18. a3 Nd5 19. e4 Nde7 20. b4 e5 21. Rac1 Rxc1 22. Rxc1 Nc6 23. Bf1 Nd4 24. Rc7 b5 25. Nxf7 Rf8 26. Ng5 (26. Nd6) 26... h6 27. Nh3 Rf3 28. Rd7 $2 {Diagram } Rxa3 29. f4 Nf3+ 30. Kg2 exf4 31. gxf4 Ngh4+ 32. Kf2 Nxh2 {Diagram  Tony resigned in this position. Black is only slightly better after Rd3 or Bd3 and the position is still unclear.} 0-1

[Event "2016 PHCC Championships"]
[Site "Port Huron"]
[Date "2016.02.18"]
[Round "6"]
[White "Heinrich, Chuck"]
[Black "Jones, G. Avery"]
[Result "0-1"]
[WhiteElo "619"]
[BlackElo "1566"]
[Annotator "Gregg,Alan"]
[PlyCount "56"]
[EventDate "2016.02.18"]
[EventRounds "9"]

1. b3 Nf6 2. Bb2 g6 3. Nf3 Bg7 4. c4 O-O 5. g3 d6 6. Bg2 c5 7. O-O Nc6 8. Qc2 Nb4 9. Qc1 e5 10. d3 Rb8 11. Nc3 Bf5 12. Nb5 a6 13. Nc3 Qc8 14. a3 Nc6 15. Qd2 Re8 16. e4 Bg4 17. Ne2 b6 18. Rfb1 Nd4 19. Nexd4 exd4 20. b4 Nd7 21. Qf4 Ne5 22. Nxe5 dxe5 23. Qd2 Bf8 24. f4 exf4 25. Qxf4 Be6 26. Bc1 Bg7 27. Rb2 Qd7 28. Rab1 Bf8 $11 {Diagram Chuck had to go and he resigned. The position is equal.} 0-1

[Event "2016 PHCC Championships"]
[Site "Port Huron"]
[Date "2016.02.18"]
[Round "6"]
[White "Bedy, Noel"]
[Black "Wingrove, William"]
[Result "1/2-1/2"]
[WhiteElo "1421"]
[BlackElo "1606"]
[Annotator "Gregg,Alan"]
[PlyCount "65"]
[EventDate "2016.02.18"]
[EventRounds "9"]

1. e4 c5 2. Nf3 d6 3. Bb5+ Bd7 4. Bxd7+ Qxd7 5. d4 cxd4 6. Nxd4 ({Relevant:} 6. Qxd4 Nc6 7. Qd3 Rc8 8. c4 b5 9. Na3 bxc4 10. Nxc4 Nf6 11. O-O e6 12. Rd1 d5 13. exd5 Nxd5 14. Ne3 Nf6 15. Qa6 Qc7 16. Bd2 Nb8 17. Qa4+ Qd7 18. Qb3 Bc5 19. Bc3 Qc6 20. Bxf6 gxf6 21. Rac1 Nd7 22. Qd3 Qb7 23. Nc4 Rc7 24. Nd6+ Bxd6 25. Qxd6 Kd8 26. Nd4 h5 27. Nc6+ Kc8 28. Na5 {1-0 (28) Fressinet,L (2713)-Jones,G (2664) Douglas 2014}) 6... Nf6 7. Nc3 a6 8. Bg5 e6 9. Qd3 Be7 10. O-O $146 ({Predecessor:} 10. Rd1 O-O 11. O-O b5 12. e5 dxe5 13. Qf3 Qa7 14. Be3 Bc5 15. Ndxb5 axb5 16. Bxc5 Qxc5 17. Qxa8 Nc6 18. Qb7 Nd4 19. Rd2 Qb4 20. Qc7 Nd5 21. Qxe5 Qxb2 22. Rb1 Qxc3 23. Qxd4 Qxd4 24. Rxd4 Nc3 25. Re1 Nxa2 26. Re3 b4 27. Re5 f6 28. Ra5 e5 29. Rd7 Rc8 30. Rxa2 b3 31. Ra1 b2 32. Rb1 Rxc2 33. g3 Rc1+ 34. Rd1 Rc2 35. Kg2 Kf7 36. Rd7+ {1-0 (36) Estrin,Y-Shamkovich,L Baku 1951}) 10... O-O 11. Rfe1 Qc7 12. Rad1 Nbd7 13. Nf3 Rfe8 14. Bxf6 Nxf6 15. Qe2 Rac8 16. Rd2 Qb6 17. Na4 Qc7 18. Nc3 Bd8 19. e5 dxe5 20. Nxe5 Qc5 21. Nb1 Nd5 22. c3 Bg5 23. Nd3 Qc7 24. Rdd1 Red8 25. Nd2 Nf4 26. Nxf4 Bxf4 27. Nf3 h6 28. g3 Bd6 29. Rd3 Bc5 30. Red1 Rxd3 31. Rxd3 Rd8 32. Rxd8+ Qxd8 33. Qd2 $11 {Diagram } 1/2-1/2

[Event "2016 PHCC Championships"]
[Site "Port Huron"]
[Date "2016.02.18"]
[Round "6"]
[White "Gregg, Alan"]
[Black "Morabito, Matthew"]
[Result "1/2-1/2"]
[WhiteElo "1981"]
[BlackElo "1859"]
[Annotator "Gregg,Alan"]
[PlyCount "79"]
[EventDate "2016.02.18"]
[EventRounds "9"]

1. c4 Nf6 2. g3 g6 3. Bg2 Bg7 4. d4 d6 5. Nc3 O-O 6. Nf3 Nc6 7. O-O e5 8. Bg5 h6 9. dxe5 hxg5 10. exf6 Bxf6 11. Rc1 Be6 $146 ({Relevant:} 11... Re8 12. b3 Bf5 13. Qd2 g4 14. Ne1 Bg5 15. e3 Rb8 16. Nd3 Qc8 17. Rfd1 Nd4 18. Ne1 Nc6 19. Nd3 Nd4 20. Ne1 Nc6 21. Nd3 {½-½ (21) Csom,I (2460)-Oral,T (2415) Paks 1997}) 12. b3 Bxc3 13. Rxc3 g4 14. Nd4 Qf6 15. Bxc6 bxc6 16. Re3 (16. Qd2) 16... Bd7 17. Qa1 c5 18. Nc2 Qxa1 19. Rxa1 Rfe8 20. Rd1 Bf5 21. Rxe8+ Rxe8 22. Ne3 Be6 23. Rd2 Kg7 24. Ng2 (24. Nd1 Bd7 25. Nc3 Bc6) 24... a5 25. Nf4 Kf6 26. Nd3 (26. Nxe6 Kxe6 27. Rd3 Ra8 28. Re3+ Kd7 29. f3 gxf3 30. Rxf3) 26... a4 27. e4 $2 (27. Nf4) 27... axb3 28. axb3 Ra8 29. e5+ Ke7 30. exd6+ cxd6 31. Kg2 Ra3 32. Nc1 Ra1 33. Rc2 Bf5 34. Rc3 Be4+ 35. Kf1 Rb1 36. Ke2 f5 37. Nd3 Rh1 {Diagram I believe this is a mistake. I had no good moves at this point.} (37... g5) (37... Kf6) 38. b4 Bxd3+ (38... cxb4 39. Nxb4 Kf6 40. Ke3 Rxh2 41. c5 dxc5 42. Rxc5 Rh1 43. Nd5+ Kg5 44. Nf4 Rd1 45. Rc3 Rd6) 39. Rxd3 cxb4 40. Rb3 {Diagram Rook and pawn games are often draws.} 1/2-1/2

[Event "2016 PHCC Championships"]
[Site "Port Huron"]
[Date "2016.02.19"]
[Round "6"]
[White "Boucher, David"]
[Black "Rutkofske, Lonnie"]
[Result "0-1"]
[WhiteElo "1306"]
[BlackElo "1800"]
[Annotator "Fritz 12"]
[PlyCount "60"]
[EventDate "2016.02.18"]
[EventRounds "9"]

1. e4 e6 2. d4 d5 3. Nc3 Bb4 4. exd5 exd5 5. Bd3 Ne7 {Diagram [#]} ({Fritz 12:1)} 5... Nf6 6. Nf3 O-O 7. O-O Nc6 8. Ne5 h6 9. Nxc6 bxc6 10. Bf4 Bd6 11. Qd2 Rb8 12. b3 Re8 13. Rfe1 Bg4 {[%eval 28,16]}) ({Fritz 12:2)} 5... Nc6 6. Nf3 Nf6 7. O-O O-O 8. Ne5 Re8 9. Bf4 Bd7 10. Re1 h6 11. a3 Nxe5 12. axb4 Nxd3 {[%eval 34,15]}) 6. a3 Ba5 7. Nf3 h6 8. O-O Bg4 9. Re1 O-O 10. h3 Be6 11. Ne5 c5 12. Ng4 c4 13. Nxh6+ gxh6 14. Bxh6 cxd3 15. Rxe6 Ng6 {Diagram [#]} ({Fritz 12:1)} 15... fxe6 16. Qg4+ Kf7 17. Qg7+ Ke8 18. Qxf8+ Kd7 19. Qxd8+ Bxd8 20. cxd3 Nbc6 21. g4 Nxd4 22. f4 Nec6 23. Kg2 Bf6 24. f5 Rc8 {[%eval -180,18]}) ({Fritz 12:2)} 15... Nf5 16. Qg4+ Kh8 17. Bg5 fxe6 18. Bxd8 Bxd8 19. cxd3 Nc6 20. Ne2 Bc7 21. Rc1 Bd6 22. Qg6 Rac8 23. Qxe6 Ncxd4 24. Qxc8 Nxe2+ {[%eval 120,18]}) 16. Bxf8 {Diagram [#]} ({Fritz 12:1)} 16. Qh5 Qd7 17. Rxg6+ fxg6 18. Qxg6+ Kh8 19. Bxf8 Nc6 20. Bh6 Bxc3 21. bxc3 dxc2 22. Bg5 Rf8 23. Qxc2 Qe6 24. Rb1 b6 25. Qd3 Qd6 26. Re1 Qxa3 {[%eval 400,16]}) ({Fritz 12:2)} 16. Qxd3 Kh7 17. Rxg6 fxg6 18. Bxf8 Bxc3 19. Bc5 Ba5 20. b4 Bb6 21. Re1 Nc6 22. b5 Bxc5 23. dxc5 Qa5 24. Re6 {[%eval 73,16]}) 16... fxe6 17. Qg4 {Diagram [#]} ({Fritz 12:1)} 17. Bb4 Bxb4 18. axb4 dxc2 19. Qxc2 Kg7 20. Qe2 Qf6 21. b5 Kf7 22. Qg4 Qf4 23. Qd1 Nd7 24. Qd3 Qf6 25. g3 Ke7 26. Kg2 {[%eval -75,16]}) ({Fritz 12:2)} 17. Qg4 Qf6 18. Be7 Qf5 19. Qxf5 exf5 20. Nxd5 Nc6 21. Bf6 d2 22. b4 Bd8 23. b5 Na5 24. g4 Bxf6 25. Nxf6+ Kf7 26. Nd5 Rd8 {[%eval -79,15]}) 17... Qf6 18. Bd6 dxc2 19. b4 Bb6 20. Be5 ({Fritz 12:1)} 20. Rc1 Nc6 21. Ne2 Bxd4 22. Nxd4 Nxd4 23. Bc5 Nf5 24. Rxc2 Qa1+ 25. Kh2 Kf7 26. b5 Qb1 27. Rc3 Rc8 28. Qa4 Ngh4 29. Qxa7 {[%eval -307,17]}) ({Fritz 12:2)} 20. Ne2 Nc6 21. Rc1 Bxd4 22. Nxd4 Nxd4 23. Bc5 Nf5 24. Rxc2 Qa1+ 25. Kh2 Kf7 26. Qg5 Qe5+ 27. Kg1 b6 28. Be3 Nxe3 29. Qxe3 Qxe3 30. fxe3 {[%eval -288,16]}) 20... Qf5 21. Qg3 Nc6 22. Ne2 Kf7 23. f4 Rg8 24. Qe3 Qe4 ({Fritz 12:1)} 24... Nh4 25. g4 Nxe5 26. fxe5 Rxg4+ 27. hxg4 Qxg4+ 28. Kf1 Qg2+ 29. Ke1 Nf3+ 30. Qxf3+ Qxf3 31. Rc1 Qxa3 32. Rxc2 Qxb4+ 33. Kd1 Bxd4 34. Rc7+ Kg6 35. Nf4+ Kf5 36. Rf7+ Kg4 37. Nxe6 Bxe5 {[%eval -1079,17]}) ({Fritz 12:2)} 24... Ncxe5 25. fxe5 Nh4 26. g4 Rxg4+ 27. hxg4 Qxg4+ 28. Kf1 Qg2+ 29. Ke1 Nf3+ 30. Qxf3+ Qxf3 31. Rc1 Qxa3 32. Rxc2 Qxb4+ 33. Kd1 Bxd4 34. Rc7+ Kg6 35. Nf4+ Kf5 36. Rf7+ Kg4 37. Nxe6 Bxe5 {[%eval -1079,17]}) 25. Qf2 Qd3 26. Kh2 Ke8 27. Rc1 Ncxe5 28. fxe5 Nxe5 29. Nf4 Qh7 30. Kg1 Bxd4 0-1